000 00433cam a2200181ua 4500
020 _c8.00
041 _ahin
_h
082 _a891.54
_bMOU/RE
100 _aMouriyar, Dafni Du.
245 _aREbeka /
_cDafni Du Mouriyar.
_hTextual Documents
250 _a1 /
_b.
260 _aNew Delhi :
_bNational Publishing House ,
_c1962.
300 _a400 ; .
365 _a8.00
504 _a
942 _cBK
999 _c8072
_d8072